Cyclisme : Vainqueurs du Tour de Bruges - Statistiques

Statistiques générales
  • Ce quiz a été pris 5 fois
    2 depuis la dernière actualisation
  • Le résultat moyen est 8 sur 50
Statistiques - réponses
Année Vainqueur % Correct
2018 Elia Viviani
100%
2024 Jasper Philipsen
100%
2023 Jasper Philipsen
100%
2021 Sam Bennett
100%
2025 Sebastián Molano
100%
2022 Tim Merlier
100%
2015 Alexander Kristoff
50%
2019 Dylan Groenewegen
50%
1980 Sean Kelly
50%
2020 Yves Lampaert
50%
2007 Alessandro Ballan
0%
1984 Bert Oosterbosch
0%
1983 Cees Priem
0%
2010 David Millar
0%
2026 Dylan Groenewegen
0%
1993 Eric Vanderaerden
0%
1989 Eric Vanderaerden
0%
1988 Eric Vanderaerden
0%
1987 Eric Vanderaerden
0%
1986 Eric Vanderaerden
0%
1990 Erwin Nijboer
0%
1994 Fabio Roscioli
0%
1992 Frans Maassen
0%
2009 Frederik Willems
0%
2004 George Hincapie
0%
1982 Gerrie Knetemann
0%
1978 Guido Van Sweevelt
0%
2014 Guillaume Van Keirsbulck
0%
1979 Gustaaf Van Roosbroeck
0%
1981 Jan Bogaert
0%
1985 Jean-Luc Vandenbroucke
0%
1991 Jelle Nijdam
0%
1997 Johan Museeuw
0%
2008 Joost Posthuma
0%
2006 Leif Hoste
0%
2016 Lieuwe Westra
0%
1998 Michele Bartoli
0%
1995 Michele Bartoli
0%
2001 Nico Mattan
0%
2002 Peter Van Petegem
0%
1999 Peter Van Petegem
0%
2017 Philippe Gilbert
0%
2003 Raivis Belohvoščiks
0%
1977 Roger Rosiers
0%
2011 Sébastien Rosseler
0%
2005 Stijn Devolder
0%
2013 Sylvain Chavanel
0%
2012 Sylvain Chavanel
0%
2000 Viatcheslav Ekimov
0%
1996 Viatcheslav Ekimov
0%
Aucun quiz correspondant
Distribution des résultats
% des personnes avec chaque résultat
Percentile par nombre de réponses
Votre historique - résultats
Vous n’avez pas pris ce quiz depuis la dernière actualisation